[Event "OLNN 1920 Lübecker SV - SK Doppelbauer"]
[Site "?"]
[Date "2019.09.29"]
[Round "1.5"]
[White "Saglam, Buelent"]
[Black "Christ, Ralf"]
[Result "1/2-1/2"]
[WhiteElo "2103"]
[BlackElo "2264"]
[PlyCount "119"]
[EventDate "2019.??.??"]

1. e4 c5 2. Nf3 Nc6 3. d4 cxd4 4. Nxd4 e6 5. Be3 a6 6. c4 Nf6 7. Nc3 d6 8. Be2
Be7 9. f4 Bd7 10. Bf3 Rc8 11. Rc1 O-O 12. O-O Re8 13. b3 Nxd4 14. Qxd4 Bc6 15.
Qd2 b5 16. e5 dxe5 17. Qxd8 Rexd8 18. fxe5 Nd7 19. Bxc6 Rxc6 20. cxb5 axb5 21.
Nd5 Rxc1 22. Nxe7+ Kf8 23. Bxc1 Kxe7 24. Ba3+ Ke8 25. Bd6 Ra8 26. a3 f6 27. Re1
Ra6 28. a4 bxa4 29. bxa4 Kf7 30. Re4 Nxe5 31. Bxe5 fxe5 32. Rxe5 Rxa4 33. Kf2
Kf6 34. Rb5 Ra3 35. h3 h6 36. Rc5 Rd3 37. Ra5 g6 38. Rb5 h5 39. g3 e5 40. h4
Kf5 41. Rb6 Ra3 42. Rc6 Ra2+ 43. Ke3 Ra7 44. Rb6 Rf7 45. Rb4 Rf6 46. Ra4 Rb6
47. Rc4 Rb3+ 48. Kf2 Rd3 49. Rc6 Rd5 50. Ra6 e4 51. Ke3 g5 52. Rh6 Rd3+ 53. Ke2
Kg4 54. Re6 Rxg3 55. Rxe4+ Kf5 56. Ra4 gxh4 57. Rxh4 Kg5 58. Ra4 h4 59. Kf2 Rb3
60. Kg2 1/2-1/2

[Event "OLNN 1920 Lübecker SV - SK Doppelbauer"]
[Site "?"]
[Date "2019.09.29"]
[Round "1.6"]
[White "Ehrke, Michael"]
[Black "Petri, Alexander"]
[Result "1-0"]
[WhiteElo "2222"]
[BlackElo "2122"]
[PlyCount "105"]
[EventDate "2019.??.??"]

1. d4 d5 2. Bf4 c5 3. e3 Nc6 4. c3 Nf6 5. Nd2 cxd4 6. exd4 g6 7. h3 Bg7 8. Ngf3
O-O 9. Be2 a6 10. O-O Bf5 11. Re1 Ne4 12. Nf1 b5 13. Ne3 Na5 14. a4 Nc4 15.
axb5 axb5 16. Rxa8 Qxa8 17. Qb3 Bd7 18. Qb4 e6 19. Ne5 Nxe5 20. Bxe5 f6 21. Bh2
Qc6 22. f3 Ng5 23. Ra1 Rc8 24. Qd6 Bf8 25. Qxc6 Bxc6 26. Ng4 Kg7 27. Ra7+ Nf7
28. Nh6 Kxh6 29. Rxf7 b4 30. Bd3 f5 31. h4 bxc3 32. bxc3 g5 33. hxg5+ Kxg5 34.
Be5 h5 35. f4+ Kg6 36. Rf6+ Kh7 37. Rxe6 Be8 38. Bxf5+ Kg8 39. Ra6 Rxc3 40. Ra7
Rc1+ 41. Kh2 Bf7 42. Bh7+ Kxh7 43. Rxf7+ Kg8 44. Rd7 Bh6 45. g3 Rc2+ 46. Kh3
Rf2 47. Rxd5 Kh7 48. Rd7+ Kg6 49. Rd6+ Kh7 50. Re6 Rd2 51. f5 Be3 52. Re8 Kh6
53. Bf6 1-0

[Event "OLNN 1920 Lübecker SV - SK Doppelbauer"]
[Site "?"]
[Date "2019.09.29"]
[Round "1.7"]
[White "Buchholz, Sebastian"]
[Black "Lampe, Dirk"]
[Result "1/2-1/2"]
[WhiteElo "2161"]
[BlackElo "2153"]
[PlyCount "61"]
[EventDate "2019.??.??"]

1. e4 c5 2. Nf3 g6 3. d4 cxd4 4. Nxd4 Nc6 5. c4 Bg7 6. Nc2 Nf6 7. Nc3 O-O 8.
Be2 b6 9. O-O Bb7 10. Bf4 Rc8 11. Qd3 Ne8 12. Rad1 Ne5 13. Qh3 Nd6 14. Ne3 Qe8
15. b3 Nxe4 16. Nxe4 Bxe4 17. Bxe5 Bxe5 18. Rxd7 Rc7 19. Rxc7 Bxc7 20. Bf3 Qc6
21. Bxe4 Qxe4 22. Nd5 Bd6 23. Qc3 Rc8 24. Qa1 Qf5 25. Re1 Qd7 26. Qd4 Rd8 27.
g3 f6 28. Qe4 Kf7 29. Qh4 Kg7 30. Qe4 Kf7 31. Qh4 1/2-1/2

[Event "OLNN 1920 Lübecker SV - SK Doppelbauer"]
[Site "?"]
[Date "2019.09.29"]
[Round "1.8"]
[White "Krause, Ullrich"]
[Black "Farokhi, Keyvan"]
[Result "1-0"]
[WhiteElo "2208"]
[BlackElo "2018"]
[PlyCount "111"]
[EventDate "2019.??.??"]

1. Nf3 Nf6 2. c4 e6 3. g3 d5 4. d4 Be7 5. Bg2 O-O 6. O-O c6 7. Qc2 Nbd7 8. Nbd2
b6 9. e4 dxe4 10. Nxe4 Nxe4 11. Qxe4 Nf6 12. Qc2 Bb7 13. Rd1 Qc7 14. Bf4 Bd6
15. Bxd6 Qxd6 16. c5 bxc5 17. dxc5 Qc7 18. a3 a5 19. Nd2 Ba6 20. Ne4 Nxe4 21.
Qxe4 Rab8 22. Rd2 Rfd8 23. Rad1 Rxd2 24. Rxd2 Bb7 25. Rd6 Rd8 26. Qd4 Rxd6 27.
cxd6 Qd7 28. b4 axb4 29. axb4 Kf8 30. Qa7 Ke8 31. b5 cxb5 32. Qxb7 Qxb7 33.
Bxb7 Kd7 34. Kf1 Kxd6 35. Ke2 Ke5 36. Ke3 g5 37. Ba6 b4 38. Bc4 g4 39. Bb3 f5
40. Bc4 h5 41. Bb3 h4 42. gxh4 f4+ 43. Kd3 Kf5 44. h5 e5 45. Bd5 b3 46. Be4+
Kg5 47. Bg6 b2 48. Kc2 e4 49. Bxe4 Kxh5 50. Bg2 g3 51. hxg3 fxg3 52. f3 Kg5 53.
Kxb2 Kf4 54. Kc2 Ke3 55. Bh1 Kf2 56. f4 1-0

[Event "OLNN 1920 SV Diagonale Harburg - Preetz"]
[Site "?"]
[Date "2019.09.29"]
[Round "1.1"]
[White "Ochsner, Bjorn Moller"]
[Black "Kuberczyk, Christoph"]
[Result "1/2-1/2"]
[WhiteElo "2494"]
[BlackElo "2294"]
[PlyCount "123"]
[EventDate "2019.??.??"]

1. e4 e5 2. Nf3 Nc6 3. Bb5 Nf6 4. O-O Nxe4 5. d4 Nd6 6. Bxc6 dxc6 7. dxe5 Nf5
8. Qxd8+ Kxd8 9. Rd1+ Ke8 10. Nc3 Be7 11. Bg5 Be6 12. g4 Nh6 13. h3 Ng8 14. Be3
h5 15. Nd4 Bd7 16. f3 Rd8 17. Ne4 b6 18. a4 a5 19. Kg2 c5 20. Nb5 Rc8 21. Bf4
Nh6 22. Rd2 Bxb5 23. axb5 Rd8 24. Rad1 Rxd2+ 25. Rxd2 Bd8 26. Ng3 hxg4 27. hxg4
Ng8 28. Nf5 Rh7 29. Ne3 Ne7 30. Bg3 g5 31. c4 Ng6 32. Nd5 Nf8 33. Bf2 Ne6 34.
Be3 Rh4 35. Rd1 Rh8 36. f4 gxf4 37. Nxf4 Nxf4+ 38. Bxf4 Rh7 39. b3 Rh8 40. Rd3
Rh7 41. Rd1 Rh8 42. Kg3 Bh4+ 43. Kf3 Bd8 44. Kg2 Rh7 45. g5 Rh5 46. Kg3 Bxg5
47. Kg4 Bxf4 48. Kxh5 Bxe5 49. Kg5 Ke7 50. Kf5 Bd4 51. Re1+ Kd7 52. Rh1 Kc8 53.
Rh7 f6 54. Ke6 Be5 55. Rf7 Kb7 56. Ke7 Bd4 57. Kd7 Be5 58. Kd8 Kb8 59. Kd7 Kb7
60. Kd8 Kb8 61. Kd7 Kb7 62. Kd8 1/2-1/2

[Event "OLNN 1920 SV Diagonale Harburg - Preetz"]
[Site "?"]
[Date "2019.09.29"]
[Round "1.2"]
[White "Fries-Nielsen, Niels Jorgen"]
[Black "Hansen, Mads"]
[Result "1/2-1/2"]
[WhiteElo "2316"]
[BlackElo "2405"]
[PlyCount "110"]
[EventDate "2019.??.??"]

1. Nf3 c5 2. g3 g6 3. Bg2 Bg7 4. O-O Nc6 5. c4 e6 6. d3 Nge7 7. Nc3 O-O 8. Bd2
d5 9. Qc1 d4 10. Na4 b6 11. a3 a5 12. b4 cxb4 13. axb4 Nxb4 14. Qb2 b5 15. cxb5
Ned5 16. Nxd4 Rb8 17. e3 Rxb5 18. Nc3 Bxd4 19. exd4 Nxc3 20. Qxc3 Bb7 21. Bxb7
Rxb7 22. Bh6 Re8 23. d5 e5 24. Qc5 Nxd3 25. Qxa5 Rd7 26. Qxd8 Rexd8 27. Bg5 Re8
28. Ra5 Kg7 29. Rd1 e4 30. Be3 f6 31. Rb1 Ne5 32. Bf4 Nf3+ 33. Kg2 g5 34. Be3
h5 35. h3 Kg6 36. Rb4 Re5 37. g4 hxg4 38. hxg4 Rh7 39. Raa4 Ne1+ 40. Kg3 Rh1
41. Rxe4 Rg1+ 42. Kh3 Rxd5 43. Red4 Re5 44. Re4 Rxe4 45. Rxe4 Nf3 46. Re6 Kf7
47. Re4 Kg6 48. Re6 Re1 49. Re4 f5 50. Re6+ Kf7 51. gxf5 Rg1 52. Rg6 Kf8 53.
Bf4 gxf4 54. Rxg1 Nxg1+ 55. Kg2 Kf7 1/2-1/2

[Event "OLNN 1920 SV Diagonale Harburg - Preetz"]
[Site "?"]
[Date "2019.09.29"]
[Round "1.3"]
[White "Pedersen, Steffen"]
[Black "Wasmuth, Matthias"]
[Result "1/2-1/2"]
[WhiteElo "2324"]
[BlackElo "2152"]
[PlyCount "36"]
[EventDate "2019.??.??"]

1. d4 Nf6 2. c4 e5 3. dxe5 Ng4 4. e4 Nxe5 5. f4 Nec6 6. Be3 Na6 7. Nf3 Bc5 8.
Qd2 Qe7 9. Nc3 Bb4 10. O-O-O Nc5 11. Qc2 Bxc3 12. Qxc3 O-O 13. Bxc5 Qxc5 14.
Bd3 Qe3+ 15. Qd2 Qxd2+ 16. Rxd2 d6 17. Re1 Bg4 18. Be2 Rae8 1/2-1/2

[Event "OLNN 1920 SV Diagonale Harburg - Preetz"]
[Site "?"]
[Date "2019.09.29"]
[Round "1.4"]
[White "Guindy, Esmat Susanne"]
[Black "Dyrgaard, Kristoffer"]
[Result "1-0"]
[WhiteElo "2108"]
[BlackElo "2306"]
[PlyCount "117"]
[EventDate "2019.??.??"]

1. d4 Nf6 2. c4 g6 3. Nf3 Bg7 4. g3 O-O 5. Bg2 c6 6. O-O d5 7. cxd5 cxd5 8. Nc3
Nc6 9. Bf4 Ne4 10. Rc1 Bf5 11. Ne5 Rc8 12. Nxe4 Bxe4 13. Nxc6 Rxc6 14. Rxc6
bxc6 15. f3 Bf5 16. Qd2 Qb6 17. Be3 Rb8 18. b3 Qb4 19. Rd1 a5 20. Bf2 Qxd2 21.
Rxd2 a4 22. g4 axb3 23. axb3 Bd7 24. Rd3 Rb4 25. e3 e5 26. dxe5 Bxe5 27. Be1
Rb7 28. f4 Bd6 29. Bf3 h5 30. h3 hxg4 31. hxg4 Be6 32. Kf2 Kf8 33. Ke2 Rb5 34.
Bc3 Ke7 35. Kd2 f6 36. Kc2 Bc5 37. Bb2 Rb8 38. Rc3 Bb6 39. Rxc6 Rc8 40. Rxc8
Bxc8 41. Bd4 Bxd4 42. exd4 g5 43. f5 Kd6 44. Kc3 Ba6 45. Kb4 Bd3 46. Ka5 Kc6
47. b4 Bc4 48. Bd1 Kb7 49. b5 Ka7 50. b6+ Kb7 51. Ba4 Be2 52. Bb3 Bf3 53. Kb5
Bxg4 54. Bxd5+ Kb8 55. Be6 Be2+ 56. Ka5 g4 57. d5 g3 58. d6 Bb5 59. Kxb5 1-0

[Event "OLNN 1920 SV Diagonale Harburg - Preetz"]
[Site "?"]
[Date "2019.09.29"]
[Round "1.5"]
[White "Reinecker, Kai"]
[Black "Martin-Sommerfeldt, Luis"]
[Result "1-0"]
[WhiteElo "2272"]
[BlackElo "2023"]
[PlyCount "83"]
[EventDate "2019.??.??"]

1. e4 e5 2. Nf3 d6 3. d4 exd4 4. Nxd4 Nf6 5. Nc3 Be7 6. Bf4 O-O 7. Bd3 Re8 8.
O-O Bf8 9. Re1 c6 10. e5 dxe5 11. Rxe5 Rxe5 12. Bxe5 Nbd7 13. Bg3 Qa5 14. Nb3
Qg5 15. Qe2 Nc5 16. Nxc5 Qxc5 17. Ne4 Nxe4 18. Qxe4 g6 19. Qe8 b5 20. Re1 Bb7
21. Qd7 Bc8 22. Qc7 Qb6 23. Qxb6 axb6 24. Re8 Bb7 25. Rxa8 Bxa8 26. Be4 f5 27.
Bf3 Kf7 28. Bc7 b4 29. Bxb6 Bg7 30. b3 Bf8 31. Ba5 Ke6 32. c3 bxc3 33. Bxc3 Kd7
34. b4 Bb7 35. b5 Ba3 36. g3 Kc7 37. Ba5+ Kd6 38. Bb6 Bc8 39. bxc6 Ba6 40. Be3
Kc7 41. Bf4+ Kb6 42. c7 1-0

[Event "OLNN 1920 SV Diagonale Harburg - Preetz"]
[Site "?"]
[Date "2019.09.29"]
[Round "1.6"]
[White "Becker, Martin"]
[Black "Schwarz, Frank"]
[Result "0-1"]
[WhiteElo "1932"]
[BlackElo "2252"]
[PlyCount "140"]
[EventDate "2019.??.??"]

1. e4 e6 2. d4 d5 3. Nc3 Bb4 4. exd5 exd5 5. Bf4 Nf6 6. Qd3 O-O 7. O-O-O Re8 8.
f3 Nc6 9. Nb5 Ba5 10. Ne2 a6 11. Na3 b5 12. Nb1 Bb6 13. g4 Be6 14. Bd2 Na5 15.
g5 Nd7 16. f4 Bg4 17. Re1 Nc4 18. h3 Bxe2 19. Rxe2 Rxe2 20. Bxe2 c6 21. Bg4 Nf8
22. Re1 Ra7 23. b3 Nd6 24. Nc3 Re7 25. Re5 Nd7 26. Rxe7 Qxe7 27. Qe3 Kf8 28.
Kd1 Qxe3 29. Bxe3 Ke7 30. Ke2 Nf8 31. Kd3 g6 32. Ne2 Ne6 33. Ng3 Ng7 34. c3 Bc7
35. Bc1 a5 36. Ba3 b4 37. cxb4 Nb5 38. Bc1 axb4 39. Bd2 Bd6 40. f5 f6 41. fxg6
hxg6 42. gxf6+ Kxf6 43. Ne2 Ne6 44. h4 Nbc7 45. Be3 Ne8 46. Bg5+ Nxg5 47. hxg5+
Kxg5 48. Bd7 Nf6 49. Bxc6 Kg4 50. Ke3 g5 51. Bb7 Bf4+ 52. Kd3 Kf3 53. a4 bxa3
54. Nc3 Bd6 55. Nxd5 Nxd5 56. Bxd5+ Kf2 57. Kc2 g4 58. Kc3 Bb4+ 59. Kc2 g3 60.
Kb1 g2 61. Bxg2 Kxg2 62. Ka2 Kf3 63. d5 Ke4 64. d6 Bxd6 65. Kb1 Kd3 66. Ka2 Kc3
67. b4 Bxb4 68. Ka1 Kb3 69. Kb1 a2+ 70. Ka1 Bc3# 0-1

[Event "OLNN 1920 SV Diagonale Harburg - Preetz"]
[Site "?"]
[Date "2019.09.29"]
[Round "1.7"]
[White "Light, Bjarne"]
[Black "Haschimi, Haschem"]
[Result "1-0"]
[WhiteElo "2229"]
[BlackElo "1905"]
[PlyCount "83"]
[EventDate "2019.??.??"]

1. d4 Nf6 2. Nf3 e6 3. Bf4 Be7 4. h3 O-O 5. e3 b6 6. Nbd2 Bb7 7. Bd3 Nh5 8. Bh2
f5 9. g4 fxg4 10. hxg4 Nf6 11. g5 Nh5 12. Bxc7 Qe8 13. g6 hxg6 14. Rg1 Bxf3 15.
Nxf3 Qf7 16. Bxg6 Qxf3 17. Qxf3 Rxf3 18. Bxh5 Rf5 19. Bg4 Rf8 20. Bg3 Na6 21.
c3 Rac8 22. Ke2 Kf7 23. Bf3 d5 24. Be5 Rg8 25. Rg2 b5 26. Rag1 g6 27. a3 Nb8
28. Rh1 Nc6 29. Rh7+ Kf8 30. Bf4 a5 31. Bh6+ Ke8 32. Bh5 b4 33. Rxg6 Rxg6 34.
Bxg6+ Kd7 35. axb4 axb4 36. e4 dxe4 37. Bxe4 bxc3 38. bxc3 Re8 39. Bg5 Nd8 40.
Bg6 Rg8 41. Rxe7+ Kc8 42. Bf4 1-0

[Event "OLNN 1920 SV Diagonale Harburg - Preetz"]
[Site "?"]
[Date "2019.09.29"]
[Round "1.8"]
[White "Easwaralingam, Adesh"]
[Black "Schwarzat, Julian"]
[Result "0-1"]
[WhiteElo "2042"]
[BlackElo "2094"]
[PlyCount "74"]
[EventDate "2019.??.??"]

1. e4 e6 2. d4 d5 3. Nd2 Be7 4. Ngf3 Nf6 5. exd5 exd5 6. Bd3 Nc6 7. c3 Bg4 8.
O-O O-O 9. Qb3 b6 10. Qa4 Bd7 11. Qc2 Bd6 12. h3 Re8 13. a3 h6 14. c4 Bf4 15.
b3 Be6 16. cxd5 Bxd5 17. Bb5 Re6 18. Bb2 Ne7 19. Rfe1 c6 20. Bc4 Rxe1+ 21. Rxe1
Ng6 22. Ne5 Bxd2 23. Qxd2 Bxc4 24. bxc4 Nxe5 25. Rxe5 Qd7 26. Qe2 Re8 27. f4
Rb8 28. d5 cxd5 29. Re7 Qf5 30. Qe5 Qb1+ 31. Kh2 Rc8 32. cxd5 Rc2 33. Qb8+ Kh7
34. Bxf6 Qf1 35. Kg3 Rxg2+ 36. Kh4 Qf2+ 37. Kh5 g6# 0-1

[Event "OLNN 1920 Schachfreunde HH - Preetzer T"]
[Site "?"]
[Date "2019.10.20"]
[Round "2.1"]
[White "Hansen, Mads"]
[Black "Bokelbrink, Uwe"]
[Result "1-0"]
[WhiteElo "2405"]
[BlackElo "2254"]
[PlyCount "79"]
[EventDate "2019.??.??"]

1. e4 c5 2. Nf3 e6 3. d4 cxd4 4. Nxd4 Nc6 5. Nc3 Qc7 6. Be3 a6 7. Be2 Nf6 8.
O-O d6 9. f4 Be7 10. Kh1 Na5 11. Qe1 b5 12. a3 Bb7 13. Bd3 Nc4 14. Bc1 Rc8 15.
b3 Nb6 16. Bd2 Nbd7 17. Qg3 Qc5 18. Nde2 h5 19. b4 Qc7 20. Nd4 Qb6 21. Nf3 h4
22. Qh3 Nh5 23. f5 e5 24. Nd5 Bxd5 25. exd5 Nhf6 26. Rfe1 Nxd5 27. a4 Qc6 28.
axb5 axb5 29. Ra7 N5b6 30. f6 gxf6 31. Bf5 Rc7 32. Rea1 Bd8 33. Be1 Na4 34.
Rxc7 Bxc7 35. Bxh4 Bd8 36. Qg4 Ndb6 37. Qg7 Rf8 38. Bxf6 Bxf6 39. Qxf6 Qc3 40.
Rd1 1-0

[Event "OLNN 1920 Schachfreunde HH - Preetzer T"]
[Site "?"]
[Date "2019.10.20"]
[Round "2.2"]
[White "Ritscher, Jan-Paul"]
[Black "Pedersen, Steffen"]
[Result "1-0"]
[WhiteElo "2234"]
[BlackElo "2324"]
[PlyCount "85"]
[EventDate "2019.??.??"]

1. d4 d5 2. c4 e6 3. Nf3 Nf6 4. g3 dxc4 5. Bg2 c5 6. O-O Nc6 7. dxc5 Qxd1 8.
Rxd1 Bxc5 9. Nbd2 c3 10. bxc3 O-O 11. Nb3 Be7 12. Nfd4 Nd5 13. Nxc6 bxc6 14. c4
Nc3 15. Rd2 Rd8 16. Bxc6 Rb8 17. Rxd8+ Bxd8 18. Bb2 Bf6 19. Bxc3 Bxc3 20. Rc1
Bf6 21. Rc2 Kf8 22. e3 Rb6 23. Bf3 Rb4 24. Kf1 Ba6 25. Be2 Bb7 26. Bd3 Be5 27.
Nd4 Ke7 28. Ke2 h6 29. h4 g6 30. Kd2 Bc7 31. Kc1 Ra4 32. Kb2 e5 33. Nb3 Bc6 34.
a3 e4 35. Be2 Be5+ 36. Nd4 Bd7 37. Kb3 Ra6 38. c5 Rf6 39. Bc4 Kd8 40. Bd5 Ra6
41. Bb7 Ra5 42. c6 Be6+ 43. Kb4 1-0

[Event "OLNN 1920 Schachfreunde HH - Preetzer T"]
[Site "?"]
[Date "2019.10.20"]
[Round "2.3"]
[White "Dyrgaard, Kristoffer"]
[Black "Neffe, Axel"]
[Result "1-0"]
[WhiteElo "2306"]
[BlackElo "2234"]
[PlyCount "65"]
[EventDate "2019.??.??"]

1. e4 c5 2. Nf3 e6 3. d4 cxd4 4. Nxd4 Nc6 5. Nc3 Qc7 6. Be3 a6 7. Bd3 Nf6 8.
O-O Ne5 9. Nf3 Nfg4 10. Nxe5 Nxe5 11. f4 Nc4 12. Bxc4 Qxc4 13. Qf3 Be7 14. Rad1
O-O 15. f5 f6 16. Rd3 Bc5 17. Rfd1 b5 18. b3 Bxe3+ 19. Qxe3 Qc7 20. a3 Rb8 21.
Rd6 Rf7 22. b4 Ra8 23. Kf2 Re7 24. Qc5 Qxc5+ 25. bxc5 Kf7 26. fxe6+ Rxe6 27.
Rxe6 Kxe6 28. Rd6+ Ke5 29. Ke3 Ra7 30. Nd5 f5 31. exf5 a5 32. g4 Ba6 33. Nb6
1-0

[Event "OLNN 1920 Schachfreunde HH - Preetzer T"]
[Site "?"]
[Date "2019.10.20"]
[Round "2.4"]
[White "Hourigan, Gerrit"]
[Black "Reinecker, Kai"]
[Result "1/2-1/2"]
[WhiteElo "2198"]
[BlackElo "2272"]
[PlyCount "39"]
[EventDate "2019.??.??"]

1. Nf3 d5 2. d4 Nf6 3. c4 e6 4. Nc3 Be7 5. Bf4 O-O 6. e3 c5 7. dxc5 Bxc5 8. Qc2
Nc6 9. a3 Qa5 10. Be2 Ne4 11. O-O Nxc3 12. bxc3 e5 13. Nxe5 Nxe5 14. Bxe5 dxc4
15. Bxc4 Bd7 16. Qe4 Rae8 17. Qxb7 Rxe5 18. Qxd7 Qxc3 19. Qc7 Rf5 20. Rac1
1/2-1/2

[Event "OLNN 1920 Schachfreunde HH - Preetzer T"]
[Site "?"]
[Date "2019.10.20"]
[Round "2.5"]
[White "Schwarz, Frank"]
[Black "Jaeckle, Marco"]
[Result "1-0"]
[WhiteElo "2252"]
[BlackElo "2242"]
[PlyCount "45"]
[EventDate "2019.??.??"]

1. c4 e5 2. g3 Nf6 3. Bg2 h6 4. a3 Be7 5. Nc3 O-O 6. Nf3 d6 7. O-O Re8 8. d4
Nbd7 9. Qc2 c6 10. Rd1 Bf8 11. e4 exd4 12. Nxd4 Ne5 13. c5 Bg4 14. f3 Bd7 15.
cxd6 Bxd6 16. Kh1 Bf8 17. f4 Ng6 18. e5 Nd5 19. Nxd5 cxd5 20. e6 Bxe6 21. f5
Rc8 22. Qb3 Rc4 23. fxg6 1-0

[Event "OLNN 1920 Schachfreunde HH - Preetzer T"]
[Site "?"]
[Date "2019.10.20"]
[Round "2.6"]
[White "Kluenger, Marc"]
[Black "Light, Bjarne"]
[Result "1/2-1/2"]
[WhiteElo "2213"]
[BlackElo "2229"]
[PlyCount "100"]
[EventDate "2019.??.??"]

1. e4 c5 2. Nf3 Nc6 3. c3 d5 4. exd5 Qxd5 5. d4 Nf6 6. Nbd2 cxd4 7. Bc4 Qd8 8.
cxd4 e6 9. O-O Be7 10. Bb5 Bd7 11. Qe2 O-O 12. Rd1 Nb4 13. Bc4 Bc6 14. Nb3 Bd5
15. Bg5 Rc8 16. Nbd2 h6 17. Bh4 Qb6 18. Bxd5 Nfxd5 19. Bxe7 Nxe7 20. Nc4 Qa6
21. b3 Ned5 22. Rdc1 Rfd8 23. a3 Nc6 24. Qb2 Nf4 25. Rd1 b5 26. Ne3 Qb6 27. g3
Nd5 28. Nxd5 Rxd5 29. Rd2 Qb7 30. Rc1 Rcd8 31. Qc3 R8d6 32. b4 Qb6 33. Rcd1 Qd8
34. Kg2 Ne7 35. Rc1 Rc6 36. Qb2 Rxc1 37. Qxc1 Rd6 38. Rc2 Qb6 39. Rc5 a6 40.
Qc2 g6 41. Rc7 Rc6 42. Rxc6 Qxc6 43. Qxc6 Nxc6 44. Kf1 Kf8 45. Ke2 Ke7 46. Kd3
Kd6 47. Nd2 a5 48. Ne4+ Kc7 49. bxa5 Nxa5 50. Kc3 Nc6 1/2-1/2

[Event "OLNN 1920 Schachfreunde HH - Preetzer T"]
[Site "?"]
[Date "2019.10.20"]
[Round "2.7"]
[White "Skaanning-Pedersen, Kim Henrik"]
[Black "Dietz, Juergen"]
[Result "1-0"]
[WhiteElo "2207"]
[BlackElo "2174"]
[PlyCount "52"]
[EventDate "2019.??.??"]

1. e4 e6 2. Nf3 d5 3. Nc3 dxe4 4. Nxe4 Bd7 5. d4 Bc6 6. Neg5 Be7 7. Ne5 Bxg5 8.
Qh5 g6 9. Qxg5 Qxd4 10. Nxc6 Nxc6 11. Bb5 Qe4+ 12. Be3 f6 13. Qc5 Nge7 14.
O-O-O a6 15. f3 Qf5 16. Bxc6+ Nxc6 17. Qa3 Qa5 18. Qb3 Ke7 19. Rhe1 Rhd8 20.
Bd2 Qf5 21. g4 Qd5 22. Bb4+ Nxb4 23. Rxd5 Nxd5 24. c4 Nf4 25. Kc2 b6 26. Qe3 e5
1-0

[Event "OLNN 1920 Schachfreunde HH - Preetzer T"]
[Site "?"]
[Date "2019.10.20"]
[Round "2.8"]
[White "Gremmel, Jonas Simon"]
[Black "Willsch, Matthias"]
[Result "1-0"]
[WhiteElo "2001"]
[BlackElo "2193"]
[PlyCount "65"]
[EventDate "2019.??.??"]

1. d4 d5 2. Nf3 Nf6 3. e3 e6 4. Bd3 c5 5. b3 Nc6 6. Bb2 Bd6 7. O-O O-O 8. Nbd2
b6 9. c4 cxd4 10. exd4 Ba6 11. Re1 Na5 12. Rc1 Qe7 13. Nf1 dxc4 14. bxc4 Ba3
15. Qd2 Rac8 16. Ne3 Rfd8 17. Nf5 Qb4 18. Bxa3 Qxa3 19. Nxg7 Kxg7 20. Qg5+ Kf8
21. Qxf6 Qxd3 22. Rxe6 Qg6 23. Qe7+ Kg8 24. Rxg6+ hxg6 25. Ne5 Rf8 26. c5 Nc6
27. Nxc6 Rxc6 28. Qxa7 bxc5 29. Rxc5 Rd6 30. h4 Be2 31. Re5 Ra6 32. Qe7 Bc4 33.
a3 1-0

[Event "OLNN 1920 SK Doppelbauer Kiel - SV Diag"]
[Site "?"]
[Date "2019.10.20"]
[Round "2.1"]
[White "Kuberczyk, Christoph"]
[Black "Arndt, Magnus"]
[Result "1-0"]
[WhiteElo "2294"]
[BlackElo "2312"]
[PlyCount "89"]
[EventDate "2019.??.??"]

1. c4 e6 2. Nf3 Nf6 3. g3 d5 4. Bg2 Be7 5. O-O O-O 6. d4 dxc4 7. Qa4 a6 8. Qxc4
b5 9. Qc2 Bb7 10. Bd2 Nbd7 11. Ba5 Bd6 12. Nbd2 Rc8 13. e4 e5 14. Rfe1 Qe8 15.
dxe5 Bxe5 16. Nxe5 Qxe5 17. Bc3 Qh5 18. Qd1 Qg6 19. Nf3 Rfe8 20. Nh4 Qg5 21. e5
Bxg2 22. f4 Qg4 23. Kxg2 b4 24. Bxb4 Nxe5 25. Rxe5 Rxe5 26. Qxg4 Nxg4 27. fxe5
Ne3+ 28. Kf3 Nc2 29. Nf5 Re8 30. Ne7+ Kh8 31. Rc1 Nxb4 32. Rxc7 Nxa2 33. Nd5 h6
34. Kf4 Kg8 35. b4 Rb8 36. Rc4 Rb5 37. Ke4 a5 38. Rc5 Rxc5 39. bxc5 Kf8 40. c6
Ke8 41. Kd4 Nc1 42. Kc5 Nb3+ 43. Kb6 Kd8 44. c7+ Kd7 45. Ne7 1-0

[Event "OLNN 1920 SK Doppelbauer Kiel - SV Diag"]
[Site "?"]
[Date "2019.10.20"]
[Round "2.2"]
[White "Beeck, Mats"]
[Black "Fries-Nielsen, Niels Jorgen"]
[Result "1/2-1/2"]
[WhiteElo "2103"]
[BlackElo "2316"]
[PlyCount "32"]
[EventDate "2019.??.??"]

1. e4 g6 2. d4 Bg7 3. Nc3 c5 4. d5 d6 5. Nf3 Nf6 6. Be2 O-O 7. O-O Na6 8. Nd2
Nc7 9. a4 Rb8 10. Nc4 a6 11. Bf4 b5 12. axb5 Nxb5 13. Nxb5 axb5 14. Na5 Bd7 15.
e5 Ne8 16. exd6 exd6 1/2-1/2

[Event "OLNN 1920 SK Doppelbauer Kiel - SV Diag"]
[Site "?"]
[Date "2019.10.20"]
[Round "2.3"]
[White "Wasmuth, Matthias"]
[Black "Wanner, Lukas"]
[Result "1/2-1/2"]
[WhiteElo "2152"]
[BlackElo "2107"]
[PlyCount "113"]
[EventDate "2019.??.??"]

1. d4 Nf6 2. Nf3 g6 3. Bg5 Ne4 4. Bh4 Bg7 5. e3 d5 6. Nbd2 c5 7. c3 Qb6 8. Qb3
Nxd2 9. Nxd2 e6 10. Be2 Nc6 11. O-O O-O 12. Rfe1 Re8 13. f4 cxd4 14. Qxb6 axb6
15. exd4 Bd7 16. Nf3 Rec8 17. Ne5 Nxe5 18. fxe5 Ba4 19. Bd3 Be8 20. g4 Ra5 21.
Be7 Bf8 22. Bxf8 Kxf8 23. a3 Bd7 24. Re3 Kg7 25. Rf1 Rh8 26. Rh3 b5 27. g5 Raa8
28. Rf2 Raf8 29. Rh6 Ra8 30. Kg2 Bc6 31. Kf3 Bd7 32. Ke3 Rac8 33. Kd2 Ra8 34.
h4 Bc6 35. h5 Rag8 36. Rf6 Rf8 37. Rf2 Rc8 38. Rh2 Rcf8 39. Ke3 Bd7 40. Rf2 Bc6
41. hxg6 hxg6 42. Rfh2 Rxh6 43. Rxh6 Bd7 44. Rh2 Ra8 45. Kd2 Bc6 46. Kc2 Bd7
47. Kb3 Ra4 48. Ka2 Ra8 49. b3 Rc8 50. Kb2 Bc6 51. c4 bxc4 52. bxc4 dxc4 53.
Bxc4 Ra8 54. Bb3 Ra5 55. Rf2 Ra8 56. Rh2 Ra5 57. Rf2 1/2-1/2

[Event "OLNN 1920 SK Doppelbauer Kiel - SV Diag"]
[Site "?"]
[Date "2019.10.20"]
[Round "2.4"]
[White "Rieper, Julian"]
[Black "Martin-Sommerfeldt, Luis"]
[Result "1-0"]
[WhiteElo "2105"]
[BlackElo "2023"]
[PlyCount "49"]
[EventDate "2019.??.??"]

1. e4 d6 2. d4 g6 3. Nc3 Bg7 4. f4 b6 5. Nf3 Bb7 6. Be3 Nd7 7. Bd3 e6 8. Qd2
Ne7 9. g4 h6 10. Rf1 a6 11. g5 h5 12. f5 exf5 13. exf5 gxf5 14. Nh4 c5 15. Bxf5
cxd4 16. Bxd4 Ne5 17. O-O-O N7c6 18. Qf4 Nxd4 19. Rxd4 b5 20. Be4 Ra7 21. Nf5
Bf8 22. Bxb7 Rxb7 23. Ne4 Ng6 24. Qe3 Qb8 25. Nexd6+ 1-0

[Event "OLNN 1920 SK Doppelbauer Kiel - SV Diag"]
[Site "?"]
[Date "2019.10.20"]
[Round "2.5"]
[White "Becker, Martin"]
[Black "Saglam, Buelent"]
[Result "0-1"]
[WhiteElo "1932"]
[BlackElo "2103"]
[PlyCount "92"]
[EventDate "2019.??.??"]

1. e4 e5 2. Nf3 Nc6 3. Bc4 Nf6 4. Nc3 Bc5 5. O-O d6 6. h3 h6 7. d3 g5 8. Nh2
Nd4 9. Be3 c6 10. a3 b5 11. Ba2 Rg8 12. Ne2 g4 13. Bxd4 Bxd4 14. Nxd4 exd4 15.
hxg4 Nxg4 16. Qf3 Qe7 17. Qf4 Bd7 18. Nf3 c5 19. Bd5 Rc8 20. c3 dxc3 21. bxc3
Qf6 22. Qxf6 Nxf6 23. Rfe1 Bg4 24. Nd2 Nxd5 25. exd5+ Kf8 26. Ne4 Bf3 27. g3
Rg6 28. Re3 Bxe4 29. dxe4 Re8 30. Rae1 h5 31. Kf1 f6 32. f4 h4 33. Kf2 Kf7 34.
gxh4 Rg4 35. Kf3 Rxh4 36. f5 Rg8 37. Rf1 Rh3+ 38. Ke2 Rg2+ 39. Rf2 Rxe3+ 40.
Kxe3 Rxf2 41. Kxf2 a5 42. Ke3 Kg7 43. Kd3 Kh6 44. Kc2 Kg5 45. Kd3 Kf4 46. a4
bxa4 0-1

[Event "OLNN 1920 SK Doppelbauer Kiel - SV Diag"]
[Site "?"]
[Date "2019.10.20"]
[Round "2.6"]
[White "Ghadimi, Mohammed Reza"]
[Black "Doederlein, Etienne"]
[Result "1-0"]
[WhiteElo "2090"]
[BlackElo "1888"]
[PlyCount "77"]
[EventDate "2019.??.??"]

1. e4 c6 2. d4 d5 3. exd5 cxd5 4. Bd3 Nc6 5. c3 Nf6 6. Bf4 Bg4 7. Ne2 e6 8. Qb3
Qc8 9. Nd2 Be7 10. Ng3 Nh5 11. Be3 Bd6 12. Ndf1 Nf6 13. Bg5 Nh5 14. f3 Nxg3 15.
hxg3 Bf5 16. Bxf5 exf5 17. Kf2 Qd7 18. Re1+ Ne7 19. Bxe7 Bxe7 20. Re5 O-O-O 21.
Ne3 f4 22. gxf4 Rhe8 23. Qxd5 Bd6 24. Rxe8 Rxe8 25. Nf5 Bxf4 26. Qxd7+ Kxd7 27.
Rxh7 g6 28. g3 Bc1 29. Nh6 Bxb2 30. Nxf7 Bxc3 31. Ne5+ Kc8 32. Ke3 Rd8 33. Rh4
g5 34. Rg4 Bb2 35. Nf7 Rd5 36. Re4 Ra5 37. Re5 Rxa2 38. Ke4 Bc1 39. Rc5+ 1-0